| 000 | 01480nam a2200361Ia 4500 | ||
|---|---|---|---|
| 001 | ebr10745956 | ||
| 003 | CaPaEBR | ||
| 006 | m o u | ||
| 007 | cr cn||||||||| | ||
| 008 | 080129s2007 ne ab sb 001 0 eng d | ||
| 010 | _z 2008365083 | ||
| 020 | _z906718294X | ||
| 020 | _z9789067182942 | ||
| 020 | _z9789004254015 | ||
| 040 |
_aCaPaEBR _cCaPaEBR |
||
| 035 | _a(OCoLC)751149597 | ||
| 050 | 1 | 4 |
_aQH541.15.E19 _bW67 2007eb |
| 082 | 0 | 4 |
_a304.20959 _222 |
| 245 | 0 | 2 |
_aA world of water _h[electronic resource] : _brain, rivers and seas in Southeast Asian histories / _cedited by Peter Boomgaard. |
| 260 |
_aLeiden : _bKITLV Press, _c2007. |
||
| 300 |
_aviii, 368 p. : _bill., maps. |
||
| 490 | 0 |
_aVerhandelingen van het Koninklijk Instituut voor Taal-, Land- en Volkenkunde ; _v240 |
|
| 504 | _aIncludes bibliographical references and index. | ||
| 533 |
_aElectronic reproduction. _bPalo Alto, Calif. : _cebrary, _d2013. _nAvailable via World Wide Web. _nAccess may be limited to ebrary affiliated libraries. |
||
| 650 | 0 |
_aEcohydrology _zSoutheast Asia _xHistory. |
|
| 650 | 0 |
_aWater _xSocial aspects _zSoutheast Asia. |
|
| 650 | 0 |
_aWater in agriculture _zSoutheast Asia. |
|
| 650 | 0 |
_aWater _xPollution _zSoutheast Asia. |
|
| 655 | 7 |
_aElectronic books. _2local |
|
| 700 | 1 |
_aBoomgaard, P., _d1946- |
|
| 710 | 2 | _aebrary, Inc. | |
| 856 | 4 | 0 |
_uhttp://site.ebrary.com/lib/rucke/Doc?id=10745956 _zAn electronic book accessible through the World Wide Web; click to view |
| 999 |
_c14619 _d14619 |
||